[Event "Moratalaz op 24th"]
[Site "Madrid"]
[Date "2011.09.16"]
[Round "2"]
[White "Hernando Pertierra, Jose Carlos"]
[Black "Rubio Campos, Juan"]
[Result "1-0"]
[WhiteElo "2383"]
[BlackElo "1950"]
[PlyCount "98"]
[EventDate "2011.09.15"]
[EventType "swiss"]
[EventRounds "9"]
[EventCountry "ESP"]
[SourceTitle "CBM 144 Extra"]
[Source "ChessBase"]
[SourceDate "2011.10.28"]
[SourceVersion "1"]
[SourceVersionDate "2011.10.28"]
[SourceQuality "1"]

1. Nf3 d5 2. c4 e6 3. g3 c5 4. Bg2 Nf6 5. 0-0 Be7 6. b3 0-0 7. Bb2 Nc6 8. e3 d4 9. exd4 cxd4 10. Re1 Bc5 11. d3 Re8 12. a3 a5 13. Ne5 Nxe5 14. Rxe5 Nd7 15. Re1 e5 16. Nd2 Nf6 17. Ne4 Nxe4 18. Bxe4 Rb8 19. Bc1 Bd7 20. Bd2 Bc6 21. b4 Bxe4 22. Rxe4 axb4 23. axb4 Bd6 24. c5 Bf8 25. f4 exf4 26. Rxe8 Qxe8 27. Bxf4 Ra8 28. Rxa8 Qxa8 29. Be5 Qa3 30. Qd2 Qa1+ 31. Kg2 f6 32. Bd6 Qa4 33. Qe2 Qc6+ 34. Kg1 Bxd6 35. Qe6+ Kf8 36. cxd6 Qe8 37. d7 Qxe6 38. d8Q+ Kf7 39. Qxd4 Qe1+ 40. Kg2 Qd2+ 41. Kh3 Qh6+ 42. Kg4 Qg5+ 43. Kf3 Qh5+ 44. Ke4 Qg4+ 45. Ke3 Qe6+ 46. Kf2 Qa6 47. Qd5+ Kg6 48. g4 Qb6+ 49. d4 Qc7 1-0

[Event "Madrid-ch U18 0910"]
[Site "Madrid"]
[Date "2009.12.29"]
[Round "4"]
[White "Morona Minguez, Irene"]
[Black "Rubio Campos, Juan"]
[Result "0-1"]
[WhiteElo "1844"]
[BlackElo "1771"]
[PlyCount "54"]
[EventDate "2009.12.26"]
[EventType "swiss"]
[EventRounds "7"]
[EventCountry "ESP"]
[SourceTitle "CBM 134 Extra"]
[Source "ChessBase"]
[SourceDate "2010.03.03"]
[SourceVersion "1"]
[SourceVersionDate "2010.03.03"]
[SourceQuality "1"]

1. e4 c5 2. Nf3 e6 3. d4 cxd4 4. Nxd4 Nf6 5. Nc3 d6 6. g4 h6 7. h4 Nc6 8. Rg1 d5 9. Bb5 Bd7 10. exd5 Nxd5 11. Nxd5 exd5 12. g5 hxg5 13. Bxg5 f6 14. Be3 Rxh4 15. Be2 Qa5+ 16. Bd2 Rxd4 17. Bd3 Qc7 18. Qh5+ Kd8 19. Qh8 Qe5+ 20. Be3 Kc7 21. 0-0-0 Ra4 22. Bc5 Bxc5 23. Qxa8 Rxa2 24. c3 Ba3 25. Rd2 Qxc3+ 26. Kd1 Ra1+ 27. Ke2 Qe5+ 0-1

[Event "Madrid San Viator op 13th"]
[Site "Madrid"]
[Date "2009.11.21"]
[Round "9"]
[White "Madurga Lopez, Ignacio"]
[Black "Rubio Campos, Juan"]
[Result "1-0"]
[WhiteElo "1821"]
[BlackElo "1690"]
[PlyCount "85"]
[EventDate "2009.09.27"]
[EventType "swiss"]
[EventRounds "9"]
[EventCountry "ESP"]
[SourceTitle "EXT 2010"]
[Source "ChessBase"]
[SourceDate "2010.11.25"]
[SourceVersion "1"]
[SourceVersionDate "2010.11.25"]
[SourceQuality "1"]

1. e4 e5 2. Nf3 Nf6 3. Nxe5 d6 4. Nf3 Nxe4 5. d4 d5 6. Bd3 Bd6 7. 0-0 0-0 8. c4 c6 9. cxd5 cxd5 10. Nc3 Nxc3 11. bxc3 Bg4 12. Rb1 Nd7 13. Rb5 Nb6 14. h3 Bh5 15. c4 a6 16. Rxb6 Qxb6 17. c5 Bxc5 18. dxc5 Qxc5 19. Bxh7+ Kh8 20. g4 Kxh7 21. gxh5 Qc6 22. Ng5+ Kg8 23. Qd3 f5 24. Ba3 Rf6 25. Be7 Raf8 26. Bxf8 Rxf8 27. Rd1 Qc4 28. Qxd5+ Qxd5 29. Rxd5 Rf6 30. Rd8+ Rf8 31. Rxf8+ Kxf8 32. Ne6+ Kg8 33. Nc5 Kh7 34. Nxb7 Kh6 35. Nc5 a5 36. Nb3 a4 37. Nc5 a3 38. Ne6 Kxh5 39. Nxg7+ Kg5 40. Ne6+ Kh4 41. Kg2 Kh5 42. f4 Kg6 43. Nd4 1-0

[Event "Madrid San Viator op 13th"]
[Site "Madrid"]
[Date "2009.09.27"]
[Round "1"]
[White "Rubio Campos, Juan"]
[Black "Cano Cabanillas, Javier"]
[Result "1-0"]
[WhiteElo "1690"]
[BlackElo "1968"]
[PlyCount "125"]
[EventDate "2009.09.27"]
[EventType "swiss"]
[EventRounds "9"]
[EventCountry "ESP"]
[SourceTitle "EXT 2010"]
[Source "ChessBase"]
[SourceDate "2010.11.25"]
[SourceVersion "1"]
[SourceVersionDate "2010.11.25"]
[SourceQuality "1"]

1. e4 e6 2. d4 d5 3. Nc3 Nf6 4. e5 Nfd7 5. f4 c5 6. Nf3 Nc6 7. Be3 cxd4 8. Nxd4 Bc5 9. Qd2 0-0 10. 0-0-0 Nxd4 11. Bxd4 a6 12. f5 Bxd4 13. Qxd4 Qg5+ 14. Kb1 Qxf5 15. Re1 f6 16. Bd3 Qg5 17. exf6 Qxf6 18. Qe3 Nb8 19. Rhf1 Qd8 20. Qh3 g6 21. Rxf8+ Qxf8 22. Rf1 Qe8 23. Qe3 Bd7 24. Re1 Nc6 25. Qb6 Qd8 26. Qxb7 Na5 27. Qb4 Qc7 28. Qd4 Nc6 29. Qh4 Rb8 30. Qg3 Qxg3 31. hxg3 Nb4 32. Be2 a5 33. a3 Nc6 34. Bf3 Nd4 35. Bg4 Nf5 36. Kc1 Rb7 37. Bf3 Rc7 38. g4 Nd6 39. Ne2 Nb5 40. a4 Na7 41. b3 Nc6 42. Nf4 Nd4 43. Kb1 Kf7 44. Bd1 Kf6 45. Kb2 Rc5 46. c3 Nc6 47. Nd3 Rxc3 48. Kxc3 d4+ 49. Kb2 Ne7 50. Rf1+ Kg7 51. Ne5 Be8 52. Bf3 Kf6 53. Nc4 Kg5 54. Nxa5 e5 55. Nc4 h5 56. gxh5 Nf5 57. hxg6 Bxg6 58. a5 Ng3 59. Re1 e4 60. Bxe4 Bxe4 61. Rxe4 Nxe4 62. a6 Nc5 63. a7 1-0

[Event "Collado Villalba op-B 26th"]
[Site "Collado Villalba"]
[Date "2009.08.25"]
[Round "5"]
[White "Calderon Diestro, Maria Victoria"]
[Black "Rubio Campos, Juan"]
[Result "1-0"]
[WhiteElo "1818"]
[BlackElo "1676"]
[PlyCount "44"]
[EventDate "2009.08.21"]
[EventType "swiss"]
[EventRounds "9"]
[EventCountry "ESP"]
[SourceTitle "EXT 2011"]
[Source "ChessBase"]
[SourceDate "2010.11.26"]
[SourceVersion "1"]
[SourceVersionDate "2010.11.26"]
[SourceQuality "1"]

1. e4 e5 2. Nf3 Nf6 3. d3 Nc6 4. c3 d5 5. Nbd2 Bg4 6. h3 Bh5 7. Be2 dxe4 8. dxe4 Bd6 9. Qc2 Qe7 10. Nc4 Bg6 11. Bd3 h6 12. Ne3 Rd8 13. Nh4 Qd7 14. 0-0 Ne7 15. Nxg6 Nxg6 16. Nf5 0-0 17. Qe2 Ne7 18. Ng3 Rc8 19. Qf3 Nh7 20. Bc4 Ng6 21. Nf5 Nf4 22. Qg4 Ng6 1-0

[Event "Collado Villalba op-B 26th"]
[Site "Collado Villalba"]
[Date "2009.08.23"]
[Round "3"]
[White "Rubio Campos, Juan"]
[Black "Olmos Sanz, Francisco J"]
[Result "1/2-1/2"]
[WhiteElo "1676"]
[BlackElo "1870"]
[PlyCount "67"]
[EventDate "2009.08.21"]
[EventType "swiss"]
[EventRounds "9"]
[EventCountry "ESP"]
[SourceTitle "EXT 2011"]
[Source "ChessBase"]
[SourceDate "2010.11.26"]
[SourceVersion "1"]
[SourceVersionDate "2010.11.26"]
[SourceQuality "1"]

1. e4 c5 2. Nf3 d6 3. d4 cxd4 4. Nxd4 Nf6 5. Nc3 g6 6. Be3 Bg7 7. f3 0-0 8. Qd2 Nc6 9. 0-0-0 Bd7 10. g4 Qa5 11. Kb1 Rfc8 12. Nb3 Qd8 13. h4 Ne5 14. Be2 a5 15. g5 Nh5 16. Nd5 Rc6 17. Nd4 Nc4 18. Bxc4 Rxc4 19. Ne2 Ra6 20. Bd4 e5 21. Bc3 b5 22. b3 Rc8 23. f4 b4 24. Bb2 Bg4 25. Rhg1 Bxe2 26. Qxe2 Rac6 27. Rd2 Nxf4 28. Nxf4 exf4 29. Bxg7 Kxg7 30. Qf3 Qb6 31. Re1 Qc7 32. Rc1 d5 33. exd5 Rc3 34. Qe4 1/2-1/2